00455 2200181 4500245007500000020001800075250001100093100002500104700001000129650001000139005001900149260004100168041001400209084001000223300002000233336000900253338001100262 aExtraordinary Gentlemen b : Endless LovecSentimental AmethysthText a979-20-7361-4 aCet. 1 aSentimental Amethyst aIdrus aKomik a20230202091518 aJakartabElex Media Komputindoc2005 aIndonesia a741.5 ailus. :c17 cm. atext avolume